|
|
|
|
| LEADER |
00717nab a2200193 i 4500 |
| 001 |
acta50452 |
| 005 |
20250324120855.0 |
| 008 |
180420s1948 hu o 000 fre d |
| 040 |
|
|
|a SZTE Egyetemi Kiadványok Repozitórium
|b hun
|
| 041 |
|
|
|a fre
|
| 100 |
2 |
|
|a Cs. Sebestyén Károly
|
| 245 |
1 |
3 |
|a Le costume national de la population roumaine du comitat Krassó-Szörény
|h [elektronikus dokumentum] /
|c Cs. Sebestyén Károly
|
| 260 |
|
|
|c 1948
|
| 300 |
|
|
|a 98-100
|
| 490 |
0 |
|
|a Az Alföldi Tudományos Intézet évkönyve
|
| 650 |
|
4 |
|a Társadalomtudományok
|
| 650 |
|
4 |
|a Szociológia
|
| 695 |
|
|
|a Népviselet - román - Bánát
|
| 856 |
4 |
0 |
|u http://acta.bibl.u-szeged.hu/50452/1/alfoldi_tud_002_098-100.pdf
|z Dokumentum-elérés
|